La ciudad de los fantasmas de chocolate / (Registro nro. 7166)

Detalles MARC
000 -LIDER
fixed length control field 01039nam a2200301 a 4500
001 - NÚMERO DE CONTROL
Identificador de número de control 000017323
003 - IDENTIFICACDOR DE NÚMERO DE CONTROL
control field 000017323
005 - DATE AND TIME OF LATEST TRANSACTION
control field 20170118100043.0
008 - ELEMENTOS DE LONGITUD FIJA
fixed length control field 100322s1986 dr ac 000 0 spa d
040 ## - FUENTE DE CATALOGACIÓN
Agencia que crea de manera original el registro BPMSU
Idioma de catalogación spa
Agencia que realiza la transcripción BPMSU
082 04 - NÚMERO DE CLASIFICACIÓN DECIMAL DE DEWEY
Classification number RD863.44
Item number S572c
100 1# - ASIENTO PRINCIPAL -- NOMBRE PERSONAL
Nombre personal Sierra, Jimmy
245 13 - MENCIÓN DE TITULO
Título La ciudad de los fantasmas de chocolate /
Mención de responsabilidad Jimmy Sierra.
260 ## - PUBLICACIÓN, DISTRIBUCIÓN, ETC. (PIE DE IMPRENTA)
Lugar de publicación, distribución, etc Santo Domingo :
Nombre del editor, distribuidor, etc. Corripio,
Fecha de publicación, distribución, etc 1986.
300 ## - DESCRIPCIÓN FÍSICA
Extensión 123 p. :
Otros detalles físicos ils., retrs. ;
Dimensiones 24 cm.
650 #4 - ENCABEZAMIENTO DE MATERIA--TEMÁTICO
Término temático o nombre geográfico como elemento de entrada CUENTOS INFANTILES DOMINICANOS
650 #4 - ENCABEZAMIENTO DE MATERIA--TEMÁTICO
Término temático o nombre geográfico como elemento de entrada LITERATURA INFANTIL DOMINICANA
910 ## - VALIDACIÓN
Validación Validado. Control de calidad MFF
930 #1 - EQUIVALENCE OR CROSS-REFERENCE-UNIFORM TITLE HEADING [LOCAL, CANADA]
Language of a work BND01
Medium of performance for music LF1
Field link and sequence number 20100322
Date of a work 04
Name of part/section of a work CT
Miscellaneous information 12170
Medium e. 1
930 #1 - EQUIVALENCE OR CROSS-REFERENCE-UNIFORM TITLE HEADING [LOCAL, CANADA]
Language of a work BND01
Medium of performance for music LF1
Field link and sequence number 20100322
Date of a work 04
Name of part/section of a work HD
Miscellaneous information 12170
930 #1 - EQUIVALENCE OR CROSS-REFERENCE-UNIFORM TITLE HEADING [LOCAL, CANADA]
Language of a work BND01
Medium of performance for music LF1
Field link and sequence number 20140512
Date of a work 04
Name of part/section of a work HD
Miscellaneous information 12170
930 #1 - EQUIVALENCE OR CROSS-REFERENCE-UNIFORM TITLE HEADING [LOCAL, CANADA]
Language of a work BND01
Medium of performance for music LF1
Field link and sequence number 20100322
Date of a work 01
Name of part/section of a work HD
Miscellaneous information 12169
930 #1 - EQUIVALENCE OR CROSS-REFERENCE-UNIFORM TITLE HEADING [LOCAL, CANADA]
Language of a work BND01
Medium of performance for music LF1
Field link and sequence number 20100322
Date of a work 01
Name of part/section of a work HD
Miscellaneous information 12169
942 ## - ADDED ENTRY ELEMENTS (KOHA)
Source of classification or shelving scheme Dewey Decimal Classification
Koha item type Libros
956 ## - LOCAL ELECTRONIC LOCATION AND ACCESS (OCLC)
Nombre de host SARMENTERO
Número de acceso 10
Información de compresión 20100322
Inicio de sesión BND01
Procesador de solicitud 1436
956 ## - LOCAL ELECTRONIC LOCATION AND ACCESS (OCLC)
Nombre de host SARMENTERO
Número de acceso 10
Información de compresión 20100322
Inicio de sesión BND01
Procesador de solicitud 1436
956 ## - LOCAL ELECTRONIC LOCATION AND ACCESS (OCLC)
Nombre de host NMORDAN
Número de acceso 10
Información de compresión 20130320
Inicio de sesión BND01
Procesador de solicitud 1102
Existencias
Withdrawn status Lost status Source of classification or shelving scheme Damaged status Not for loan Collection code Home library Current library Date acquired Total Checkouts Full call number Barcode Date last seen Price effective from Koha item type
    Dewey Decimal Classification     Colección Infantil Dominicana Biblioteca Pública Metropolitana Salomé Ureña Biblioteca Pública Metropolitana Salomé Ureña 07/15/2014   RD863.44 S572c BPMSU15040590 07/15/2014 07/15/2014 Libros